El /
Se presentan los antecedentes, principios y objetivos del ALCA, así como un análisis de las perspectivas para América Latina. La autora sostiene que es necesario fortalecer la negociación con bloques regionales fuertes, con una agenda ordenada y secuencial. Los países de la región se enfrentarán al...
Tallennettuna:
| Päätekijä: | |
|---|---|
| Aineistotyyppi: | Teksti |
| Aiheet: | |
| Tagit: |
Lisää tagi
Ei tageja, Lisää ensimmäinen tagi!
|
MARC
| LEADER | 00000 a a2200000 04500 | ||
|---|---|---|---|
| 001 | 3578 | ||
| 003 | |||
| 040 | |||
| 100 | |a Lerman Alperstein, Aída | ||
| 245 | |a El / |c Aída Lerman Alperstein | ||
| 500 | |a Resumen en español páginas 763 y en inglés páginas 850 | ||
| 520 | |a Se presentan los antecedentes, principios y objetivos del ALCA, así como un análisis de las perspectivas para América Latina. La autora sostiene que es necesario fortalecer la negociación con bloques regionales fuertes, con una agenda ordenada y secuencial. Los países de la región se enfrentarán al potencial desplazamiento de sus flujos comerciales por las exportaciones de Estados Unidos y Canadá, pero también se abrirán nuevas oportunidades como consecuencia del proceso de liberalizacion continental | ||
| 650 | |a ALCA | ||
| 650 | |a INTEGRACION ECONOMICA | ||
| 650 | |a INTEGRACION REGIONAL | ||
| 650 | |a ZONAS DE LIBRE COMERCIO | ||
| 650 | |a LIBERALIZACION DEL INTERCAMBIO | ||
| 650 | |a ACUERDOS ECONOMICOS | ||
| 650 | |a NEGOCIACIONES COMERCIALES | ||
| 650 | |a SUBSIDIOS A LAS EXPORTACIONES | ||
| 650 | |a SOLUCION DE CONFLICTOS | ||
| 650 | |a INVERSION EXTRANJERA | ||
| 773 | |g volumen 54, número 9; páginas 822-832 | ||
| 999 | |c 24960 |d 24960 | ||
